000 00872nam a2200253Ia 4500
003 OSt
005 20221005070453.0
006 a|||||r|||| 00| 0
007 ta
008 221004b |||||||| |||| 00| 0 eng d
020 _a1412805708 (pbk)
_c1388.48
024 _a98278
037 _b073, 16/11/2009, Independent Publishers Group
_cTextual
040 _aCRL
_cCRL
_beng
041 _2eng
_aeng
082 _aY15:7:7, P8
100 _aRai Shirin M. Ed.
245 0 _aMainstreaming gender, democratizing the state
_b Institutional mechanisms for the advancement of women
260 _aNew Brunswick
_bTrasaction Publishers U.S.A
_c2008
300 _axix, 298p.
_ccm.
650 _aWOMEN - SOCIAL CONDITIONS
_917365
942 _hY15:7:7, P8
_cTEXL
_2cc
999 _c976283
_d976283